[Event "Chigorin Memorial"]
[Site "St Petersburg RUS"]
[Date "2012.11.03"]
[Round "8.15"]
[White "Lysyj,I"]
[Black "Pakhomov,E"]
[Result "1/2-1/2"]
[WhiteElo "2628"]
[BlackElo "2458"]

1.d4 e6 2.c4 d5 3.Nf3 Nf6 4.Nc3 c6 5.e3 Nbd7 6.Qc2 Bd6 7.Be2 O-O 8.O-O dxc4
9.Bxc4 a6 10.Rd1 c5 11.dxc5 Bxc5 12.Be2 Qe7 13.b3 Rb8 14.Bb2 b5 15.a4 b4
16.Ne4 Nxe4 17.Qxe4 Bb7 18.Qg4 f5 19.Qf4 Nb6 20.Rac1 Nd5 21.Qg5 Bd6 22.Qxe7 Bxe7
23.Nd4 Bf6 24.Rc2 Kf7 25.Bf3 Nc3 26.Bxc3 Bxf3 27.gxf3 bxc3 28.Rxc3 Rfd8 29.f4 Rb7
30.Rcd3 Bxd4 31.Rxd4 Rxd4 32.Rxd4 Rxb3 33.Rd6 a5 34.Ra6 h6 35.h4 Ra3 36.Rxa5 Kg6
37.Kg2 Kh5 38.Kg3 Ra1 39.Ra7 g6 40.a5 Rg1+ 41.Kf3 Ra1 42.Ra6 Ra2 43.Kg3 Ra1
44.Kg2 Ra2 45.Kf3 Ra1 46.Ke2 Ra2+ 47.Kd3 g5 48.hxg5 hxg5 49.fxg5 Kxg5 50.f3 Ra3+
51.Ke2 Ra2+ 52.Ke1 f4 53.exf4+  1/2-1/2

[Event "Chigorin Memorial"]
[Site "St Petersburg RUS"]
[Date "2012.11.03"]
[Round "8.48"]
[White "Debashis,D"]
[Black "Zhilchikov,N"]
[Result "1-0"]
[WhiteElo "2454"]
[BlackElo "2077"]

1.d4 d5 2.c4 c6 3.Nf3 Nf6 4.e3 e6 5.Nc3 Bd6 6.Qc2 O-O 7.Bd3 Nbd7 8.O-O dxc4
9.Bxc4 e5 10.h3 Qc7 11.Bd2 g6 12.Bb3 exd4 13.exd4 Bf4 14.Rae1 Nb6 15.Qc1 Bxd2
16.Qxd2 Kg7 17.Ne5 Nfd5 18.Nxd5 cxd5 19.Qf4 Qd8 20.Re3 Be6 21.Rfe1 Rc8 22.Nd3 Nd7
23.Qf3 b6 24.Nf4 Qh4 25.Rxe6 fxe6 26.Nxe6+ Kh8 27.Nxf8 Rxf8 28.Qe3 Nf6 29.Ba4 Ne4
30.f3 Ng5 31.Qe5+ Kg8 32.Bc6  1-0

[Event "Chigorin Memorial"]
[Site "St Petersburg RUS"]
[Date "2012.11.03"]
[Round "8.159"]
[White "Aleksandrov,Grigoriy"]
[Black "Uyanik,Mehmet"]
[Result "1-0"]
[WhiteElo "1871"]
[BlackElo "1687"]

1.d4 Nf6 2.c4 e6 3.Nc3 d5 4.e3 c6 5.Nf3 Nbd7 6.Bd3 Bd6 7.e4 dxe4 8.Nxe4 Nxe4
9.Bxe4 Qa5+ 10.Bd2 Bb4 11.O-O Nf6 12.Bd3 O-O 13.Bxb4 Qxb4 14.Qc2 Rd8 15.a3 Qf8
16.Rad1 g6 17.Rfe1 a6 18.Qb3 b5 19.Ne5 Bb7 20.Be2 Rab8 21.Bf3 bxc4 22.Qxc4 Nd5
23.Bxd5 cxd5 24.Qd3 Ba8 25.b4 Bb7 26.Qh3 Rbc8 27.Ng4 Qg7 28.Qh4 Rd6 29.Re3 g5
30.Qh5 Rcc6 31.Nh6+ Kf8 32.Rde1 e5 33.Nf5  1-0

[Event "Vizag GM Open 2012"]
[Site "Visakhapatnam IND"]
[Date "2012.11.03"]
[Round "11.16"]
[White "Abdulla,AlR"]
[Black "Raghunandan,K"]
[Result "1/2-1/2"]
[WhiteElo "2513"]
[BlackElo "2022"]

1.d4 d5 2.c4 c6 3.Nf3 Nf6 4.e3 e6 5.Nc3 Nbd7 6.Qc2 Bd6 7.Bd2 Qe7 8.h3 dxc4
9.Bxc4 e5 10.O-O-O O-O 11.g4 Nb6 12.Bd3 g6 13.dxe5 Bxe5 14.Nxe5 Qxe5 15.f4 Qe7
16.e4 Be6 17.Rhe1 Bc4 18.Bxc4 Nxc4 19.e5 Nd5 20.Nxd5 cxd5 21.Bc3 Rac8 22.Rxd5 b5
23.Rxb5 Na3 24.Qb3 Nxb5 25.Qxb5 Qh4 26.Qf1 Qg3 27.Kc2 Rxc3+ 28.bxc3 Rc8 29.c4 Qa3
30.Rb1 Qxa2+ 31.Kc3  1/2-1/2

[Event "TCh-CZE Extraliga 2012-13"]
[Site "Czech Republic CZE"]
[Date "2012.11.04"]
[Round "2.6"]
[White "Kociscak,J"]
[Black "Stachowiak,K"]
[Result "1/2-1/2"]
[WhiteElo "2422"]
[BlackElo "2432"]

1.d4 d5 2.c4 c6 3.Nc3 Nf6 4.e3 e6 5.Nf3 Nbd7 6.Qc2 Bd6 7.Bd3 O-O 8.O-O dxc4
9.Bxc4 a6 10.Rd1 Qc7 11.e4 e5 12.g3 b5 13.Be2 Re8 14.dxe5 Nxe5 15.Bg5 Nfg4
16.Nd4 h6 17.Bf4 Nf6 18.Rac1 Bb7 19.Nf5 Bf8 20.a4 b4 21.Nd5 Nxd5 22.Rxd5 c5
23.Rdd1 b3 24.Qxb3 Bxe4 25.Ne3 Qc6 26.Bxe5 Rxe5 27.Bc4 Qe8 28.Qc3 Ra7 29.b3 h5
30.Qa5 h4 31.Rd8 Qe7 32.Nd5 Bxd5 33.Rxd5 Rxd5 34.Bxd5 Qe5 35.Rd1 Rd7 36.Qd2 h3
37.Qd3 a5 38.Qf3 g6 39.Bc4 Rxd1+ 40.Qxd1 Kg7 41.Bf1 Be7 42.Bxh3 Bf6 43.Bf1 Qa1
44.Qd5 Qd4 45.Qb7 Qb4 46.Qd5 Qd4 47.Qa8 Qd8 48.Qf3 Bd4 49.Bc4  1/2-1/2

[Event "TCh-AUT 2012-13"]
[Site "Hohenems AUT"]
[Date "2012.11.04"]
[Round "3.4"]
[White "Farago,I"]
[Black "Rogic,D"]
[Result "1/2-1/2"]
[WhiteElo "2488"]
[BlackElo "2566"]

1.d4 d5 2.c4 c6 3.Nc3 Nf6 4.e3 e6 5.Nf3 Nbd7 6.Qc2 b6 7.Bd3 Bb7 8.b3 Be7
9.Bb2 Qc7 10.Rd1 Rd8 11.O-O Qb8 12.Qe2 O-O 13.Rfe1 h6 14.e4 dxe4 15.Nxe4 c5
16.Nxf6+ Bxf6 17.Be4 Rfe8 18.h3 a6 19.Bxb7 Qxb7 20.Ne5 Nxe5 21.dxe5 Be7 22.a4 Rxd1
23.Rxd1 Rd8 24.Rxd8+ Bxd8 25.Qd3 Be7 26.Kf1 h5 27.Bc1 g6 28.Bf4 Kf8 29.f3 Ke8
30.Ke2 Qc6 31.Qd2 Bd8 32.Qd3 Be7 33.Qd2 Bd8 34.Qd3  1/2-1/2

[Event "TCh-AUT 2012-13"]
[Site "Hohenems AUT"]
[Date "2012.11.04"]
[Round "3.1"]
[White "Polak,T"]
[Black "Balogh,C"]
[Result "1/2-1/2"]
[WhiteElo "2520"]
[BlackElo "2641"]

1.d4 d5 2.c4 c6 3.Nc3 Nf6 4.e3 e6 5.Nf3 Nbd7 6.Qc2 b6 7.Bd3 Bb7 8.O-O Bb4
9.Bd2 dxc4 10.Bxc4 c5 11.dxc5 Bxc5 12.Be2 Rc8 13.Rfd1 Qc7 14.Qa4 a5 15.Rac1 O-O
16.Qh4 Qb8 17.Be1 Rfd8 18.Qh3 Be7 19.Nd4 Nc5 20.Bf3 g6 21.Be2 Bf8 22.Qg3 Bd6
23.Qh4 Be7 24.Qg3 Bd6 25.Qh4 Be7 26.Qg3 Bd6  1/2-1/2

[Event "24th Leuven Open"]
[Site "Leuven BEL"]
[Date "2012.11.04"]
[Round "2.2"]
[White "Akesson,R"]
[Black "Helsen,S"]
[Result "1-0"]
[WhiteElo "2440"]
[BlackElo "2072"]

1.d4 d5 2.c4 c6 3.Nc3 Nf6 4.e3 e6 5.Nf3 Nbd7 6.Bd3 dxc4 7.Bxc4 b5 8.Bd3 Bb7
9.O-O a6 10.e4 c5 11.d5 Bd6 12.dxe6 fxe6 13.Bxb5 Bxh2+ 14.Nxh2 axb5 15.e5 Nxe5
16.Qe2 Nc6 17.Qxe6+ Ne7 18.Rd1 Nd5 19.Bg5 Ra6 20.Qe5 Qd6 21.Re1 Kf7 22.Nf3 Rf8
23.Rad1 Ng6 24.Qe4 h6 25.Nxd5 hxg5 26.Nxg5+ Kg8 27.Ne6 Bxd5 28.Qxg6 Rf7 29.Qh5 Re7
30.Rxd5 Rxe6 31.Rxe6  1-0

[Event "2nd Novara Open A 2012"]
[Site "Novara ITA"]
[Date "2012.11.04"]
[Round "5.7"]
[White "Fusco,Roberto"]
[Black "Marmili,G"]
[Result "0-1"]
[WhiteElo "2014"]
[BlackElo "2232"]

1.d4 d5 2.c4 c6 3.e3 Nf6 4.Nf3 e6 5.Nc3 Be7 6.Bd3 dxc4 7.Bxc4 b5 8.Be2 O-O
9.O-O Nbd7 10.b3 Bb7 11.Bb2 a6 12.Rc1 c5 13.dxc5 Nxc5 14.Qxd8 Rfxd8 15.Rfd1 h6
16.h3 Rdc8 17.Ne5 b4 18.Nb1 Nce4 19.Nc4 Bd8 20.Bf3 Bd5 21.Nbd2 a5 22.Kf1 a4
23.Bd4 axb3 24.axb3 Ra2 25.Nxe4 Nxe4 26.Bxe4 Bxe4 27.f3 Bc2 28.Nb2 Raa8 29.Rd2 Bxb3
30.Rxc8 Rxc8 31.Ke2 Be7 32.Nd3 f6 33.Rb2 Bc4 34.Kd2 e5 35.Bb6 Rc6 36.Rc2 b3
37.Rc3 Rxb6 38.Rxc4 b2  0-1

[Event "Chigorin Memorial"]
[Site "St Petersburg RUS"]
[Date "2012.11.04"]
[Round "9.28"]
[White "Brodsky,M"]
[Black "Debashis,D"]
[Result "1-0"]
[WhiteElo "2563"]
[BlackElo "2454"]

1.d4 d5 2.c4 c6 3.Nc3 Nf6 4.e3 e6 5.Nf3 Nbd7 6.Bd3 dxc4 7.Bxc4 b5 8.Bd3 Bd6
9.O-O O-O 10.b3 Bb7 11.Bb2 b4 12.Ne4 Nxe4 13.Bxe4 Nf6 14.Bc2 c5 15.dxc5 Bxc5
16.Ng5 Qxd1 17.Rfxd1 Rfd8 18.Bxf6 gxf6 19.Bxh7+ Kg7 20.Be4 fxg5 21.Bxb7 Rab8
22.Ba6 Rxd1+ 23.Rxd1 Rb6 24.Bd3 Rd6 25.Kf1 Bb6 26.Ke2 Rd5 27.h3 Bd8 28.Rc1 Ra5
29.Bb1 Rd5 30.Rc4 a5 31.Be4 Rd6 32.Rc5 Kf6 33.g3 Kg7 34.f4 gxf4 35.exf4 Rd4
36.Bd3 Rd6 37.Bc4 Rd4 38.f5 exf5 39.Rxf5 Rd7 40.h4 Re7+ 41.Kf3 Rd7 42.Ke4 Kg6
43.Rf3 Kg7 44.Rf5 Kg6 45.Rb5 Kg7 46.Kf3 Kg6 47.Rb8 Kg7 48.Ra8 Kg6 49.Ra6+ Kg7
50.Ke4 Kh7 51.Kf5 Kg7 52.h5 f6 53.g4 Rb7 54.Bd5 Rd7 55.Be4 Rf7 56.Ra8 Rd7
57.Bc6 Rd2 58.Ra7+ Kh6 59.Be4 Rf2+ 60.Ke6 Re2 61.Kd5 Rxa2 62.Rh7+ Kg5 63.Rg7+ Kf4
64.Bf5 Rh2 65.Kc5 a4 66.Rd7 Ba5 67.Kb5 axb3 68.Kxa5 Rh1 69.Rd4+  1-0

[Event "Chigorin Memorial"]
[Site "St Petersburg RUS"]
[Date "2012.11.04"]
[Round "9.16"]
[White "Al Sayed,Mohamad"]
[Black "Matlakov,M"]
[Result "0-1"]
[WhiteElo "2511"]
[BlackElo "2665"]

1.d4 d5 2.c4 c6 3.Nc3 Nf6 4.e3 e6 5.Nf3 Nbd7 6.Qc2 Bd6 7.Bd3 O-O 8.O-O dxc4
9.Bxc4 e5 10.Bb3 h6 11.Rd1 Qc7 12.h3 Re8 13.dxe5 Nxe5 14.Nd4 a6 15.f4 Ned7
16.Nf5 Bf8 17.e4 Nc5 18.e5 Nxb3 19.axb3 Bxf5 20.Qxf5 Qb6+ 21.Kh2 Nd5 22.Nxd5 cxd5
23.Qd3 d4 24.Bd2 Rac8 25.Ra4 Bc5 26.Rc1 Rc6 27.Rac4 Rec8 28.Rd1 Qb5 29.Qf3 a5
30.Rdc1 Bb6 31.Rxc6 Rxc6 32.Rxc6 bxc6 33.Qe4 Qxb3 34.Qxc6 d3 35.Bc3 Qe6 36.Qa8+ Kh7
37.Qe4+ Qg6 38.f5 Qg5 39.Qxd3 Qf4+ 40.Kh1 Qc1+ 41.Kh2 Bf2  0-1

[Event "TCh-HUN 2012-13"]
[Site "Szombathely HUN"]
[Date "2012.11.04"]
[Round "3"]
[White "Kovacs,Laj2"]
[Black "Varga,Me"]
[Result "1/2-1/2"]
[WhiteElo "2229"]
[BlackElo "2201"]

1.d4 d5 2.Nf3 Nf6 3.c4 c6 4.e3 e6 5.Nc3 Nbd7 6.Qc2 Bd6 7.g4 Nxg4 8.Rg1 Nxh2
9.Nxh2 Bxh2 10.Rxg7 Nf8 11.Rg2 Bd6 12.Bd2 Ng6 13.O-O-O Nh4 14.Rg1 Nf3 15.Rh1 Nxd2
16.Rxd2 Qf6 17.Rxh7 Rxh7 18.Qxh7 Bd7 19.Qc2 Bb4 20.a3 Bxc3 21.Qxc3 O-O-O
22.Bd3 Rh8 23.f4 Qh4 24.Re2 dxc4 25.Bxc4 Qg3 26.Kc2 Rh1 27.Qd2 Rg1 28.Qa5 Rg2
29.Qxa7  1/2-1/2

[Event "72nd ch-ITA 2012"]
[Site "Torino ITA"]
[Date "2012.11.04"]
[Round "6"]
[White "Brunello,S"]
[Black "De Filomeno,S"]
[Result "1-0"]
[WhiteElo "2591"]
[BlackElo "2356"]

1.d4 d5 2.c4 e6 3.Nf3 Nf6 4.Nc3 c6 5.e3 Nbd7 6.Qc2 b6 7.Bd3 Bb7 8.O-O dxc4
9.Bxc4 c5 10.Rd1 Be7 11.e4 cxd4 12.Nxd4 Qc7 13.Qe2 O-O 14.f3 Rac8 15.Bb3 Nc5
16.Bc2 Ba6 17.Ndb5 Qb7 18.Bf4 Rfd8 19.a4 Ne8 20.Qe1 Bxb5 21.axb5 a5 22.bxa6 Nxa6
23.Qe2 Nb4 24.Ba4 Nd6 25.Kf1 h6 26.Bg3 Kf8 27.Rd2 Ne8 28.Rad1 Rxd2 29.Rxd2 Rd8
30.Rxd8 Bxd8 31.Qb5 Qa6 32.Qxa6 Nxa6 33.Ke2 Ke7 34.Bf2 Nd6 35.e5 Nc8 36.Kd3 Bc7
37.f4 f6 38.exf6+ gxf6 39.g3 Nd6 40.Bd1 Nc5+ 41.Kc2 Nce4 42.Nxe4 Nxe4 43.Be3 f5
44.Kb3 Kf7 45.Bh5+ Kg7 46.Kc4 Nd6+ 47.Kb4 Kf8 48.Bd4 Kg8 49.Be5 Kf8 50.Bd1 Kf7
51.Bh5+ Kf8 52.h3 Kg8 53.Bg6 Kf8 54.g4 fxg4 55.hxg4 Kg8 56.Bh5 Kf8 57.Bg6 Kg8
58.Bc2 Kf8 59.Bb3 Ke7 60.Ba2 Kd7 61.g5 hxg5 62.fxg5 Ne8 63.Bc3 Bf4 64.g6 e5
65.Kb5 Kc7 66.Bf7 Nd6+ 67.Kb4 Nf5 68.Kc4 Kc6 69.Bd5+ Kd7 70.Be4 Nd6+ 71.Kd5 Ne8
72.Bxe5 Bxe5 73.Kxe5 Ke7 74.Bd5 Ng7 75.Bf3 Ne8 76.Kd5 Kf6 77.Be4 b5 78.Kc6 b4
79.Kc5 b3 80.Kb4 Nd6 81.Bb1  1-0

[Event "Subzonal 2.3 2012"]
[Site "Pamplona COL"]
[Date "2012.11.07"]
[Round "5.12"]
[White "Ojeda,Je"]
[Black "Ruiz Aguilar,P"]
[Result "0-1"]
[WhiteElo "2082"]
[BlackElo "2339"]

1.c4 Nf6 2.Nf3 c6 3.d4 d5 4.Nc3 e6 5.e3 Nbd7 6.Bd3 Bd6 7.cxd5 exd5 8.O-O O-O
9.Re1 Re8 10.e4 dxe4 11.Nxe4 Nxe4 12.Bxe4 Nf6 13.Bg5 h6 14.Bxf6 Qxf6 15.Qd3 Rd8
16.Rad1 Be6 17.a3 a5 18.Qc3 a4 19.Nd2 Bc7 20.Nf3 Ba5 21.Qc5 Bxe1 22.Rxe1 Bd5
23.Qb4 Qd6 24.Qb6 Re8 25.Bxd5 Rxe1+ 26.Nxe1 Qxd5 27.Qxb7 Re8 28.Nf3 Qxd4
29.h3 Qd1+ 30.Kh2 Qd6+ 31.g3 Rb8 32.Qa6 Rxb2 33.Kg2 Qc5 34.Qf1 Qe3  0-1

[Event "Subzonal 2.3 2012"]
[Site "Pamplona COL"]
[Date "2012.11.07"]
[Round "6.16"]
[White "Gallego Alcaraz,A"]
[Black "Lora,J"]
[Result "1-0"]
[WhiteElo "2410"]
[BlackElo "2169"]

1.d4 d5 2.c4 c6 3.Nf3 Nf6 4.e3 e6 5.Nc3 Nbd7 6.Bd3 Bd6 7.O-O O-O 8.e4 dxe4
9.Nxe4 Nxe4 10.Bxe4 h6 11.Bc2 Re8 12.Re1 Qc7 13.Qd3 Nf8 14.Ne5 f6 15.Nf3 b6
16.Be3 Ba6 17.Rad1 Rad8 18.Qb3 c5 19.d5 Bb7 20.Qc3 Qf7 21.Bc1 Qh5 22.h3 exd5
23.Rxe8 Rxe8 24.cxd5 Bc8 25.Qd3 g5 26.Nd2 f5 27.Nc4 Rd8 28.Nxd6 Rxd6 29.b4 cxb4
30.Bb2 Qf7 31.Qd4 Ng6 32.Qxb4 Rd8 33.d6 Be6 34.Qd4 Kh7 35.Re1 Re8 36.Rxe6  1-0

[Event "WY GU16 2012"]
[Site "Maribor SLO"]
[Date "2012.11.08"]
[Round "1.29"]
[White "Machlik,Monika"]
[Black "Ivanova,Si"]
[Result "0-1"]
[WhiteElo "1735"]
[BlackElo "2016"]

1.d4 d5 2.c4 c6 3.Nf3 Nf6 4.Nc3 e6 5.e3 Nbd7 6.Bd3 Bd6 7.O-O O-O 8.Qc2 dxc4
9.Bxc4 a6 10.e4 e5 11.dxe5 Nxe5 12.Nxe5 Bxe5 13.Bg5 Bxh2+ 14.Kh1 Bc7 15.Rfe1 Qd4
16.Bb3 Ng4 17.Re2 h6 18.Bh4 Qe5 19.g3 g5 20.f4 Qg7 21.e5 gxh4 22.gxh4 Qh7
23.Ne4 Bf5 24.Rg1 Kh8 25.h5 Bxe4+  0-1

[Event "WY BU14 2012"]
[Site "Maribor SLO"]
[Date "2012.11.08"]
[Round "1.44"]
[White "Ozmen,Mustafa Lutfi Poyraz"]
[Black "Peczely,S"]
[Result "0-1"]
[WhiteElo "1723"]
[BlackElo "2092"]

1.d4 d5 2.Nf3 Nf6 3.c4 e6 4.Nc3 c6 5.e3 Nbd7 6.Bd3 dxc4 7.Bxc4 b5 8.Be2 a6
9.O-O Bb7 10.Re1 c5 11.a3 Qc7 12.Bd2 Bd6 13.dxc5 Nxc5 14.Rc1 Ng4 15.g3 h5
16.b4 Nxh2 17.Nxh2 Bxg3 18.f4 Qe7 19.Bf3 Bxh2+ 20.Kxh2 Qh4+ 21.Kg2 Qg4+ 22.Kh2 Bxf3
23.Qxf3 Qxf3 24.bxc5 Qf2+ 25.Kh1 Qxd2 26.Red1  0-1

[Event "WY BU14 2012"]
[Site "Maribor SLO"]
[Date "2012.11.08"]
[Round "1.16"]
[White "Znidaric,Anze"]
[Black "Petrosyan,M"]
[Result "0-1"]
[WhiteElo "1837"]
[BlackElo "2281"]

1.d4 d5 2.Nf3 Nf6 3.c4 c6 4.Nc3 e6 5.e3 Nbd7 6.Qc2 Bd6 7.Bd3 dxc4 8.Bxc4 O-O
9.O-O b5 10.Bd3 Bb7 11.e4 e5 12.Bg5 exd4 13.Ne2 h6 14.Bxf6 Qxf6 15.Nexd4 Ne5
16.Rfe1 Rfe8 17.Rad1 Nxd3 18.Qxd3 Rad8 19.Qc2 g6 20.a3 a5 21.Nb3 Bc7 22.Nc5 Bc8
23.b4 Bg4 24.Qe2 Qc3 25.Rd3 Rxd3 26.Qxd3 axb4 27.axb4 Qxb4 28.Na6 Qd6 29.Qe3 Ba5
30.Ra1 Bxf3 31.gxf3 Bd8 32.Qxh6 Qf6 33.Ra3 Be7 34.Ra2 Qxf3 35.Qe3 Qxe3 36.fxe3 Bg5
37.Kf2 Rxe4 38.Ra3 Rh4 39.Nb8 Rxh2+ 40.Kg3 Rc2 41.Rb3 Be7 42.Nd7 Rd2 43.Nb6 Bc5  0-1

[Event "WY GU16 2012"]
[Site "Maribor SLO"]
[Date "2012.11.08"]
[Round "1.39"]
[White "Klepeckaite,Radvile"]
[Black "Hancu,O"]
[Result "1-0"]
[WhiteElo "1635"]
[BlackElo "1966"]

1.d4 d5 2.Nf3 Nf6 3.c4 e6 4.Nc3 c6 5.e3 Nbd7 6.Bd3 dxc4 7.Bxc4 b5 8.Bd3 Bb7
9.Qc2 Be7 10.Ne4 Nd5 11.a3 Qb6 12.Qb3 a6 13.Bd2 O-O 14.O-O c5 15.dxc5 Nxc5
16.Nxc5 Bxc5 17.e4 Nf6 18.e5 Ne4 19.Bxe4 Bxe4 20.Ng5 Bf5 21.Be3 Bxe3 22.fxe3 Rad8
23.Rxf5 exf5 24.e6 fxe6 25.Nxe6 Kh8 26.Nxd8 Rxd8 27.Rf1 Qf6 28.Qc2 g6 29.Kh1 Qe5
30.Qb3 Kg7 31.Qc2 Rd5 32.Qc6 Rd6 33.Qb7+ Kh6 34.Qf7 Rf6 35.Qb3 Re6 36.Rf3 f4
37.Qb4 Rd6 38.Qe1 g5 39.h4 Re6 40.hxg5+ Qxg5 41.Rh3+ Kg7 42.Qc3+ Qf6 43.Qc7+ Re7
44.Qxf4 Qxf4 45.exf4 Re4 46.Rf3 h5 47.Kh2 Re2 48.b4 Kg6 49.Kh3 Ra2 50.g4 hxg4+
51.Kxg4 Rg2+ 52.Rg3 Rf2 53.Rc3 Rg2+ 54.Kf3 Rg1 55.Ke4 Re1+ 56.Re3 Rf1 57.Ke5 Rd1
58.Ke6 Rg1 59.f5+ Kg5 60.f6  1-0

[Event "WY GU18 2012"]
[Site "Maribor SLO"]
[Date "2012.11.09"]
[Round "2.31"]
[White "Mendez Tovar,Jessica Yissel"]
[Black "Hervolj,Manca"]
[Result "1-0"]
[WhiteElo "1889"]
[BlackElo "1654"]

1.d4 d5 2.c4 c6 3.Nc3 e6 4.e3 Nf6 5.Nf3 Nbd7 6.Bd3 dxc4 7.Bxc4 b5 8.Bd3 b4
9.Ne4 Nxe4 10.Bxe4 Bb7 11.O-O Rc8 12.Bd2 Nf6 13.Bd3 Be7 14.e4 O-O 15.e5 Nd7
16.Qc2 h6 17.Qc1 g5 18.Bb1 Kg7 19.h4 c5 20.hxg5 cxd4 21.gxh6+ Kh8 22.Qd1 Bxf3
23.gxf3 Rg8+ 24.Kh1 Bg5 25.Rg1 Bxd2 26.Rxg8+ Qxg8 27.Qxd2 f5 28.exf6 Nxf6
29.Bd3 Qf7 30.Qg5 Rg8 31.Qh4 e5 32.Re1 Ng4 33.Be4 Nf6 34.Bc2 Ng4 35.Bd1 Qd5
36.Re4 Qd8 37.Rxg4 Qxh4+ 38.Rxh4 Rg5 39.f4 exf4 40.Rxf4 Rd5 41.Bf3 Rd6 42.Kg2 d3
43.Be4 Kg8 44.h7+ Kg7 45.Rg4+  1-0

[Event "WY BU16 2012"]
[Site "Maribor SLO"]
[Date "2012.11.09"]
[Round "2.40"]
[White "Artemenko,O"]
[Black "Bratkovic,Sham"]
[Result "1-0"]
[WhiteElo "2235"]
[BlackElo "1943"]

1.d4 d5 2.c4 c6 3.Nf3 e6 4.e3 Nf6 5.Nc3 Nbd7 6.Qc2 Bd6 7.b3 O-O 8.Be2 Re8
9.O-O dxc4 10.bxc4 e5 11.Bb2 exd4 12.exd4 Nf8 13.Rad1 Ng6 14.Ne5 Qa5 15.f4 c5
16.Nb5 Bb8 17.dxc5 Nxe5 18.Bc3 Qa6 19.fxe5 Ng4 20.Qe4 f5 21.exf6 Bxh2+ 22.Kh1 Nxf6
23.Rxf6 Bd7 24.Qf3 gxf6 25.Rxd7 Qe6 26.Rxb7 Qxe2 27.Qxe2 Rxe2 28.Kxh2 Rxa2
29.Bxf6 Re8 30.Nd6 Ra8 31.Rg7+ Kf8 32.Rxh7  1-0

[Event "WY BU18 2012"]
[Site "Maribor SLO"]
[Date "2012.11.09"]
[Round "2.29"]
[White "Guseynov,A"]
[Black "Andersen,Mad"]
[Result "1/2-1/2"]
[WhiteElo "2139"]
[BlackElo "2482"]

1.d4 d5 2.c4 c6 3.Nf3 Nf6 4.e3 e6 5.Nc3 Nbd7 6.Qc2 Bd6 7.g4 h6 8.Bd2 dxc4
9.Bxc4 b5 10.Bd3 Bb7 11.Ne4 Nxe4 12.Bxe4 Rc8 13.Ne5 Nxe5 14.dxe5 Bxe5 15.O-O-O Qe7
16.f4 Bb8 17.Bc3 O-O 18.g5 hxg5 19.Rhg1 f5 20.Rxg5 Rf7 21.Bf3 b4 22.Bh5 bxc3
23.Bxf7+ Kxf7 24.Qxc3 Rg8 25.h4 c5 26.Rdg1 Qf6 27.Qd3 Bd5 28.h5 c4 29.Qd2 c3
30.Qxc3 Qxc3+ 31.bxc3 Bf3 32.h6 Bg4 33.Rxg7+ Rxg7 34.hxg7 Kxg7 35.Kd2 Bc7
36.Rb1 Bb6 37.Rb5 Bf3 38.c4 Bc6 39.Rb1 Kf6 40.Ke2 Ke7 41.Rd1 Bb7 42.Rg1 Kd6
43.Kd2 Ba6 44.Kd3 Kc5 45.Rc1 Bb7 46.Rd1 Bf3 47.Rc1 Be4+ 48.Ke2 Ba5 49.a3 Bb6
50.Kd2 Bf3 51.Kd3 Ba5 52.a4 Bb4 53.a5 Bxa5 54.Ra1 Be4+ 55.Ke2 Bb6 56.Rc1 a5
57.Kd2 a4 58.Ra1 Kb4  1/2-1/2

[Event "WY BU14 2012"]
[Site "Maribor SLO"]
[Date "2012.11.09"]
[Round "2.63"]
[White "Isaev,Chingis"]
[Black "McCusker,Andrew"]
[Result "1-0"]
[WhiteElo "1835"]
[BlackElo "1619"]

1.d4 d5 2.c4 c6 3.Nf3 Nf6 4.Nc3 e6 5.e3 Nbd7 6.Qc2 Bd6 7.b3 e5 8.cxd5 cxd5
9.dxe5 Nxe5 10.Be2 O-O 11.O-O b6 12.h3 Bb7 13.Bb2 Rc8 14.Rac1 Ne4 15.Rfd1 Nxf3+
16.Bxf3 Nxc3 17.Bxc3 Ba3 18.Qd3 Bxc1 19.Rxc1 d4 20.exd4 Bxf3 21.Qxf3 Qf6
22.Qd3 Qg6 23.Qf3 Rfe8 24.d5 Red8 25.Rd1 Qc2 26.Rd3 Rd6 27.Be5 Rg6 28.d6 Qc1+
29.Rd1 Qg5 30.d7 Rd8 31.Bc7 Re6 32.Bxd8 Qxd8 33.Qb7 Kf8 34.Qxa7 Ke7 35.Qa3+ Kf6
36.Qb4 Kg6 37.Rd6 Rxd6 38.Qxd6+  1-0

[Event "WY GU16 2012"]
[Site "Maribor SLO"]
[Date "2012.11.09"]
[Round "2.12"]
[White "Chiang,S"]
[Black "Paredes Bustamante,Paula"]
[Result "1-0"]
[WhiteElo "2088"]
[BlackElo "1946"]

1.d4 d5 2.c4 c6 3.Nf3 Nf6 4.Nc3 e6 5.e3 Nbd7 6.Bd3 Bd6 7.O-O O-O 8.e4 dxc4
9.Bxc4 e5 10.Bg5 h6 11.Bh4 Qe7 12.Re1 Rd8 13.Bg3 b5 14.Bxf7+ Kxf7 15.dxe5 Bxe5
16.Bxe5 Nc5 17.Bxf6 gxf6 18.Qe2 b4 19.Nd1 Nd3 20.Rf1 Ba6 21.Nh4 Kg8 22.Nf5 Qh7
23.Nde3 h5 24.Rfd1 Bb5 25.Qc2 Kh8 26.a4 bxa3 27.bxa3 Ne5 28.Qc3 Qg6 29.Kh1 Nd3
30.Rd2 Nf4 31.Rad1 Rxd2 32.Rxd2 Rf8 33.Rd7 Ne6 34.h3 Ng5 35.Rg7 Nxe4 36.Qc2  1-0

[Event "WY BU14 2012"]
[Site "Maribor SLO"]
[Date "2012.11.10"]
[Round "3.22"]
[White "Zeynalli,Miradil"]
[Black "Lorparizangeneh,S"]
[Result "1/2-1/2"]
[WhiteElo "2027"]
[BlackElo "2216"]

1.d4 d5 2.c4 c6 3.Nf3 Nf6 4.Nc3 e6 5.e3 a6 6.b3 Bb4 7.Bd2 Nbd7 8.g3 O-O 9.Bg2 Qe7
10.O-O Bd6 11.Qc2 c5 12.cxd5 exd5 13.Nh4 Nb6 14.a4 Be6 15.a5 Nc8 16.Nf5 Bxf5
17.Qxf5 Qe6 18.Qf3 Ne7 19.Rfd1 Rfd8 20.Na4 Nd7 21.dxc5 Nxc5 22.Nb6 Rab8 23.Nxd5 Nxd5
24.Qxd5 Qxd5 25.Bxd5 Be5 26.Bb4 Bxa1 27.Bxc5 Bc3 28.b4 Rd7 29.e4 g6 30.f3 Bg7
31.Kf2 Bf8 32.Ke3 Rc8 33.Kd4 Kg7 34.Rc1 Be7 35.Rc4 Bf6+ 36.Kd3 h5 37.Rc2 Rcc7
38.h3 Rc8 39.Rc4 Rcc7 40.Rc2 Kg8 41.Kc4 Be7 42.Kb3 Kf8 43.Rc3 Ke8 44.g4 hxg4
45.hxg4 Rc8 46.Kc4 Rdc7 47.Kd4 Bf6+ 48.e5 Be7 49.f4 Rd7 50.Kc4 Rdc7 51.Kd4 Rd7
52.Kc4 Rdc7 53.Kd4  1/2-1/2

[Event "WY GU18 2012"]
[Site "Maribor SLO"]
[Date "2012.11.10"]
[Round "3"]
[White "Severina,M"]
[Black "Kurbonboeva,Sarvinoz"]
[Result "1-0"]
[WhiteElo "2196"]
[BlackElo "2111"]

1.d4 d5 2.c4 e6 3.Nc3 c6 4.e3 Nf6 5.Nf3 Nbd7 6.Bd3 dxc4 7.Bxc4 b5 8.Bd3 Bd6
9.O-O O-O 10.a3 Bb7 11.e4 e5 12.Bg5 a6 13.dxe5 Nxe5 14.Nxe5 Bxe5 15.f4 Bxc3
16.bxc3 Qb6+ 17.Kh1 c5 18.Qe2 c4 19.Bc2 h6 20.Bh4 Nxe4 21.Bxe4 Rae8 22.Be7 f5
23.Bxf8 Kxf8 24.Qf2 Qxf2 25.Rxf2 Rxe4 26.Kg1 Re3 27.Rc1 Rd3 28.Kf1 Be4 29.Ke1 Kf7
30.Rd2 Rxd2 31.Kxd2 Bxg2 32.Ke3 Be4 33.h4 g6 34.Kd4 Kf6 35.Rg1 Bf3 36.Rg3 Bg4
37.Ke3 g5 38.hxg5+ hxg5 39.Rg2 gxf4+ 40.Kxf4 Ke6 41.Rd2 a5 42.Rb2 b4 43.axb4 axb4
44.Rxb4 Kd5 45.Rb5+ Kc6 46.Ra5 Kd6 47.Ke3 Bh3 48.Kd4 Bf1 49.Rxf5 Bd3 50.Rf6+ Ke7
51.Ra6 Kd7 52.Kc5 Be2 53.Rd6+ Kc7 54.Re6 Bd3 55.Re7+ Kd8 56.Rg7 Kc8 57.Rf7 Kd8
58.Kc6 Bg6 59.Rg7 Bd3 60.Rf7 Bg6 61.Rf8+ Ke7  1-0

[Event "WY BU16 2012"]
[Site "Maribor SLO"]
[Date "2012.11.10"]
[Round "3.12"]
[White "Wagner,De"]
[Black "Cuellar,Di"]
[Result "1-0"]
[WhiteElo "2456"]
[BlackElo "2237"]

1.d4 d5 2.c4 c6 3.Nc3 Nf6 4.e3 e6 5.Nf3 Nbd7 6.Bd3 dxc4 7.Bxc4 b5 8.Bd3 a6
9.e4 c5 10.d5 c4 11.Bc2 Qc7 12.O-O e5 13.Ne2 Bc5 14.Ng3 O-O 15.Nh4 Ne8 16.Nhf5 g6
17.Nh6+ Kh8 18.Qf3 Nd6 19.h4 Qd8 20.Bg5 f6 21.Bd2 Bd4 22.Rab1 Ra7 23.h5 Nb8
24.b3 c3 25.Bxc3 Bxc3 26.Qxc3 Kg7 27.Bd1 Qb6 28.Ng4 Rc7 29.Qd2 Nf7 30.Ne3 Nd7
31.Bg4 Nc5 32.Rbc1 Nd6 33.Bxc8 Rfxc8 34.f3 a5 35.Kh2 a4 36.bxa4 Nxa4 37.Ng4 g5
38.Rxc7+ Rxc7 39.Qb4 Qc5 40.Qa5 Nb6 41.Re1 Rc8 42.Ne3 Ra8 43.Qd2 Nbc4 44.Ngf5+ Nxf5
45.Nxf5+ Kf7 46.Qc2 Ke8 47.Rb1 Ra3 48.Ng7+ Ke7 49.Ne6 Qa7 50.Rxb5 Qa4 51.Rb7+ Kd6
52.Qb1 Rxa2 53.Rd7+  1-0

[Event "Brno Open 2012"]
[Site "Brno CZE"]
[Date "2012.11.11"]
[Round "2"]
[White "Parligras,C"]
[Black "Zemlicka,V"]
[Result "1-0"]
[WhiteElo "2298"]
[BlackElo "2041"]

1.c4 Nf6 2.Nc3 e6 3.d4 d5 4.e3 c6 5.Nf3 Nbd7 6.Qc2 Bd6 7.Bd3 O-O 8.O-O dxc4
9.Bxc4 b5 10.Be2 Bb7 11.Rd1 Qb8 12.Ne4 Nxe4 13.Qxe4 c5 14.Qh4 a6 15.b3 Rd8
16.Bb2 cxd4 17.Rxd4 Nf8 18.Rad1 Ng6 19.Qh5 Qc7 20.Ng5 Nf8 21.Rxd6 Rxd6 22.Rxd6  1-0

[Event "38th ch-BAN 2012"]
[Site "Dhaka BAN"]
[Date "2012.11.11"]
[Round "4.1"]
[White "Ahmed,J BAN"]
[Black "Rahman,Zia"]
[Result "0-1"]
[WhiteElo "2155"]
[BlackElo "2525"]

1.d4 d5 2.c4 e6 3.Nf3 c6 4.e3 Nf6 5.Nc3 Nbd7 6.Bd3 dxc4 7.Bxc4 b5 8.Bd3 Bd6
9.O-O O-O 10.e4 e5 11.d5 cxd5 12.Nxb5 Bb8 13.Nc3 d4 14.Na4 Bb7 15.Re1 Bd6
16.Bg5 h6 17.Bxf6 Qxf6 18.a3 Rfc8 19.b4 Nf8 20.Qe2 Ne6 21.g3 Rc7 22.Rac1 Rac8
23.Rxc7 Rxc7 24.Nb2 Rc3 25.Nc4 Ng5 26.Nxg5 hxg5 27.a4 Qe6 28.Rb1 Bc7 29.g4 Rxd3
30.Qxd3 Qxg4+ 31.Kf1 Bxe4 32.Qb3 Qg2+ 33.Ke2 d3+ 34.Ke1 Qg1+ 35.Kd2 Qxf2+
36.Kc1 Bb6 37.Nd2 Bg6 38.Qd1 e4 39.Qf1 Qd4 40.Rb2 e3 41.Nb3 d2+  0-1